Sady testů Scio. Z 5. třídy na osmileté gymnázium. Přijímací zkoušky 5 - verze 2012/2013 /

Další autoři: Chládková, Romana
Jazyk: Čeština
Vydáno: Praha : www.scio.cz, 2012
Vydání: Vyd. 5.
Témata:
Fyzický popis: [110] s. : il. ; 30 cm + testy s návodem k řešení ([72] s.)
Knihy
Uloženo v:
LEADER 02068nam a2200577 a 4500
001 nkc20122393720
003 CZ PrNK
005 20130308103559.0
007 ta
008 120918s2012 xr a e p 000 0 cze
015 |a cnb002393720 
020 |a 978-80-7430-087-5  |q (brož.) 
035 |a (OCoLC)817049227 
040 |a ABA001  |b cze 
072 7 |a 373.5  |x Střední školy  |2 Konspekt  |9 22 
080 |a 37.091.212.3  |2 MRF 
080 |a 811.162.3  |2 MRF 
080 |a 51  |2 MRF 
080 |a 373.3.016  |2 MRF 
080 |a 37.091.212.2  |2 MRF 
080 |a 373.54  |2 MRF 
080 |a (079.1)  |2 MRF 
245 0 0 |a Sady testů Scio.  |p Z 5. třídy na osmileté gymnázium.  |p Přijímací zkoušky 5 - verze 2012/2013 /  |c [sestavil[a] Romana Chládková] 
246 1 |i Název části na s. [1]:  |a Sada Přijímací zkoušky 5 - verze 2012/2013 
246 3 |a Sada Přijímací zkoušky - 5. třída 
246 3 0 |a Přijímací zkoušky 5 - verze 2012/2013 
246 3 0 |a Z 5. třídy na osmileté gymnázium 
250 |a Vyd. 5. 
260 |a Praha :  |b www.scio.cz,  |c 2012 
300 |a [110] s. :  |b il. ;  |c 30 cm +  |e testy s návodem k řešení ([72] s.) 
500 |a Název z obálky 
650 0 7 |a studijní předpoklady  |7 ph274675  |2 czenas 
650 0 7 |a čeština  |7 ph135292  |2 czenas 
650 0 7 |a matematika  |7 ph117231  |2 czenas 
650 0 7 |a učivo základních škol  |7 ph136701  |2 czenas 
650 0 7 |a přijímací zkoušky  |7 ph124916  |2 czenas 
650 0 7 |a gymnázia  |7 ph114644  |2 czenas 
650 0 9 |a study skills  |2 eczenas 
650 0 9 |a Czech language  |2 eczenas 
650 0 9 |a mathematics  |2 eczenas 
650 0 9 |a elementary school curriculum  |2 eczenas 
650 0 9 |a entrance examinations  |2 eczenas 
650 0 9 |a high schools  |2 eczenas 
655 7 |a testy  |7 fd133697  |2 czenas 
655 9 |a tests  |2 eczenas 
700 1 |a Chládková, Romana  |7 jx20110923002  |4 com 
910 2 |a BOA001  |b 4-1292.221 
990 |a BK 
995 |a 01 
991 |b 201210  |c NOV  |e n 
996 6 |b 2610522736  |c 4-1292.221  |l MZK  |r Sklad / do 1 hodiny  |n 11  |p p.v.  |w 001284429  |u 000010  |a 1  |e BOA001  |j MZK50  |s P